01165nam a2200229 a 45000010005000000030005000050050017000100080041000270200015000680400020000831000034001032450062001372600040001993000009002395050236002489420013004849990015004979520117005129520102006299520102007319520102008331495CDMR20131015122410.0130130s19671981||||||||||||||||||||||||d a8427605420 aCDMRbcatcCDMR1 aGómez Aparicio, Pedro9113210aHistoria del periodismo españolcPedro Gómez Aparicio aMadridc1967-1981bEditora Nacional a4 v. aConté: 1.- Desde la "Gaceta de Madrid" (1661) hasta el destronamiento de Isabel II ; 2.- De la Revolución de Septiembre al desastre colonial ; 3.- De las guerras coloniales a la Dictadura ; 4.- De la Dictadura a la Guerra Civil cMON2udc c1495d1495 00104070aCDMRbCDMRd2013-01-16l2m1oDt 9/21pCDMR13108450r2018-02-23s2018-02-16tVol. 1w2013-01-16yMON 00104070aCDMRbCDMRd2013-01-16l0oDt 9/22pCDMR13108451r2013-01-16tVol. 2w2013-01-16yMON 00104070aCDMRbCDMRd2013-01-16l0oDt 9/23pCDMR13108452r2013-01-16tVol. 3w2013-01-16yMON 00104070aCDMRbCDMRd2013-01-16l0oDt 9/24pCDMR13108453r2013-01-16tVol. 4w2013-01-16yMON